Datum a čas kvízu
31
Celkem bodů
Celkový počet nahraných bodů na tomto kvízu bez doplňovacích otázek.
4.
Pořadí na kvízu
Konečné umístění týmu na tomto kvízu.
Zaznamenané odpovědi
| # | Otázka | Odpověď | Body | Výsledky |
|---|---|---|---|---|
| 1. | Zástupci české armády v posled... | Leopard | 1 | |
| 2. | Který český ministr absolvoval... | Marek Výborný | 1 | |
| 3. | Na Velký pátek se to v O<sub>2... | Judas Priest | 0 | |
| 4. | V pondělí oznámila síň Heritag... | D) rám dveří, na němž se Rose zachránila | 1 | |
| 5. | Kterými slovy na KF se nazývá... | kolem Flander | 1 | |
| 6. | Věříme, že ovládáte velkou pal... | Drahá vlasti | 1 | |
| 7. | Kalaallit Nunaat, tak zní v mí... | Dánsko | 0 | |
| 8. | Vyberte zemi, jejíž zkratka ná... | C | 1 | |
| 9. | V Evropské unii žije momentáln... | 1C 2D 3B 4A | 1 | |
| 10. | Na snímku z letiště můžete spa... | Dublin | 1 |